00793nam a2200181 a 450000100060000000300090000600800410001502000150005604000280007108200180009910000270011724500380014425000060018226000580018830000110024650503160025765000380057310984CO-ViMGA141112s2004 ck r 000 u spa d a9582400609 aCO-ViMGAbspacCO-ViMGA04aCo863.08 P12c1 aFuenmayor Jode Felix, 10aCuentos Colombianos : bAntologia a1 aSantafé de Bogotá, cEditorial Santillana, c1989 a117 p. aFuenmayor, Jose Felix La muerte en la calle - - Tellez, Hernando Espuma y nada mas - - Cepeda Samudio, Alvaro Todos estabamos a la espera - - Caballero Calderon, Eduardo Por que mato el zapatero - - Mejia Vallejo, Manuel Al pie de la ciudad - - Bustos Cantor, Roberto estas frases de amor que se repiten tanto 14aCUENTOS COLOMBIANOS - COLECCIONES